LEADER 01229nam 2200337Ia 450 001 996385327003316 005 20221108100617.0 035 $a(CKB)4940000000074681 035 $a(EEBO)2240961838 035 $a(OCoLC)12033416 035 $a(EXLCZ)994940000000074681 100 $a19850514d1663 uy | 101 0 $aeng 135 $aurbn||||a|bb| 200 12$aA true description of my manner of life$b[electronic resource] $eof what I have been in my profession of religion, and what I am at present, by the grace of God /$fthis was given forth some time before that faithful servant of God laid down his body, who was known amongst many, by the name of Edward Burrough 210 $aLondon $cPrinted for Robert Wilson$d1663 215 $a11 p 300 $aReproduction of original in Huntington Library. 300 $acf. Smith. Friends' books, v. 1, p. 366. 330 $aeebo-0113 606 $aSociety of Friends 615 0$aSociety of Friends. 700 $aBurrough$b Edward$f1634-1662.$01001305 801 0$bEAA 801 1$bEAA 801 2$bm/c 801 2$bWaOLN 906 $aBOOK 912 $a996385327003316 996 $aA true description of my manner of life$92366666 997 $aUNISA LEADER 01894nam0 22002531i 450 001 RML0297047 005 20231121125740.0 100 $a20121121f ||||0itac50 ba 101 | $ager 102 $ade 181 1$6z01$ai $bxxxe 182 1$6z01$an 200 1 $aWerke$fIlse Aichinger 210 $aDarmstadt $cFischer Verlag 215 $av.$d18 cm 700 1$aAichinger$b, Ilse$3RMLV191848$0176221 801 3$aIT$bIT-01$c20121121 850 $aIT-FR0017 899 $aBiblioteca umanistica Giorgio Aprea$bFR0017 912 $aRML0297047 950 0$aBiblioteca umanistica Giorgio Aprea$d 52CIS 9/1037.5$e 52VM 0000668595 VM barcode:00043554. - Inventario:11571 FLSVM$fA $h20070223$i20121204$d 52CIS 9/1037.3$e 52VM 0000668585 VM barcode:00043552. - Inventario:11573 FLSVM$fA $h20070223$i20121204$d 52CIS 9/1037.9$e 52VM 0000668575 VM barcode:00043558. - Inventario:11568 FLSVM$fA $h20070223$i20121204$d 52CIS 9/1037.6$e 52VM 0000668565 VM barcode:00043555. - Inventario:11570 FLSVM$fA $h20070223$i20121204$d 52CIS 9/1037.7$e 52VM 0000668555 VM barcode:00043556. - Inventario:11569 FLSVM$fA $h20070223$i20121204$d 52CIS 9/1037.2$e 52VM 0000668545 VM barcode:00043551. - Inventario:11574 FLSVM$fA $h20070223$i20121204$d 52CIS 9/1037.4$e 52VM 0000668535 VM barcode:00043553. - Inventario:11572 FLSVM$fA $h20070223$i20121204$d 52CIS 9/1037.8$e 52VM 0000668525 VM barcode:00043557. - Inventario:11568 FLSVM$fA $h20070223$i20121204$d 52CIS 9/1037$e 52VM 0000668515 VM barcode:00043550. - Inventario:11575 FLSVM$fA $h20070223$i20121204 977 $a 52 996 $aWerke$93629095 997 $aUNICAS